00600nam a2200157Ia 450000500170000000800410001708200130005810000440007124500930011526000590020830000120026750000470027994200060032695200950033299900150042720250120030559.0240331s9999 xx 000 0 und d bNEEa920 aInternational center for ethnic studies 0aNeelan Tiruchelvam 1944-1999 :bSri Lankan visionary and world citizen-selected tributes aColombobInternational center for Ethnic Studiesc2000 a85 p ., aA political Tribute For Neelan Tiruchelvam cL 001040708LaWERCLbWERCLcSSCd2024-03-31l0o 920 NEEp4149r2024-03-31w2024-03-31yL c3472d3472